000 00952nam a2200205 i 4500
001 189506
003 SpMaBN
005 20251012212819.0
008 190605s1981 sp |||| |dspa d
080 _a929:34 Salgado de Somoza, Francisco(042)
100 1 _aOgando Vázquez, Julio Francisco.
_986562
245 1 0 _aEvocación de Francisco Salgado de Somoza
_b: discurso /
_cpronunciado el día 13 de julio de 1976, en la solemne sesión celebrada en La Coruña, por el académico de honor... Don Julio Francisco Ogando Vázquez ; [intervención de... Don Manuel Iglesias Corral].
260 _aLa Coruña :
_bAcademia Gallega de Jurisprudencia y Legislación,
_c1981.
300 _a40 p. ;
_c27 cm.
600 1 7 _aSalgado de Somoza, Francisco,
_d1595?-1665
_2
_9167282
700 1 _aIglesias Corral, Manuel.
_9158835
710 2 _aAcademia Gallega de Jurisprudencia y Legislación.
_91197
852 _aES-MaACL
_j2341-F-10
999 _c189506
_d189506